Cómo calcular los tiempos de trabajo / (Record no. 11365)
[ view plain ]
| 000 -CABECERA | |
|---|---|
| campo de control de longitud fija | 00697cam a2200217 a 4500 |
| 001 - NÚMERO DE CONTROL | |
| campo de control | 000011679 |
| 005 - FECHA Y HORA DE LA ÚLTIMA TRANSACCIÓN | |
| campo de control | 20200929162527.0 |
| 008 - DATOS DE LONGITUD FIJA--INFORMACIÓN GENERAL | |
| campo de control de longitud fija | 811203s1970 sp a 000 0 spa |
| 040 ## - FUENTE DE LA CATALOGACIÓN | |
| Centro catalogador/agencia de origen | DO-SdBNP |
| Lengua de catalogación | spa |
| Centro/agencia transcriptor | BNPHU |
| 082 ## - NÚMERO DE LA CLASIFICACIÓN DECIMAL DEWEY | |
| Número de clasificación | 658.5421 |
| Número de documento/Ítem | R934c |
| 100 1# - ENTRADA PRINCIPAL--NOMBRE DE PERSONA | |
| Nombre de persona | Ruiz Recio, Rafael. |
| 9 (RLIN) | 27681 |
| 245 10 - MENCIÓN DE TÍTULO | |
| Título | Cómo calcular los tiempos de trabajo / |
| Mención de responsabilidad, etc. | Rafael Ruiz Recio. |
| 260 ## - PUBLICACIÓN, DISTRIBUCIÓN, ETC. | |
| Lugar de publicación, distribución, etc. | España : |
| Nombre del editor, distribuidor, etc. | Deusto, |
| Fecha de publicación, distribución, etc. | 1970. |
| 300 ## - DESCRIPCIÓN FÍSICA | |
| Extensión | 169 p. : |
| Otras características físicas | il. ; |
| Dimensiones | 22 cm. |
| 490 1# - MENCIÓN DE SERIE | |
| Mención de serie | Manuales prácticos de gestión de empresas |
| Designación de volumen o secuencia | 6 |
| 490 1# - MENCIÓN DE SERIE | |
| Mención de serie | B |
| 650 #4 - PUNTO DE ACCESO ADICIONAL DE MATERIA--TÉRMINO DE MATERIA | |
| Término de materia o nombre geográfico como elemento de entrada | Análisis ocupacional |
| 9 (RLIN) | 27682 |
| 650 #4 - PUNTO DE ACCESO ADICIONAL DE MATERIA--TÉRMINO DE MATERIA | |
| Término de materia o nombre geográfico como elemento de entrada | Medición del trabajo |
| 9 (RLIN) | 17056 |
| 830 #0 - PUNTO DE ACCESO ADICIONAL DE SERIE-TÍTULO UNIFORME | |
| Título uniforme | Manuales prácticos de gestión de empresas ; |
| Número de parte o sección de la obra | 6 |
| 9 (RLIN) | 27683 |
| 830 #0 - PUNTO DE ACCESO ADICIONAL DE SERIE-TÍTULO UNIFORME | |
| Título uniforme | B |
| 9 (RLIN) | 27684 |
| Estado de retiro | Estado de pérdida | Restricciones de uso | No para préstamo | Código de colección | Localización permanente | Ubicación/localización actual | Ubicación en estantería | Fecha de adquisición | Número de inventario | Total de préstamos | Signatura topográfica completa | Código de barras | Fecha visto por última vez | Precio válido a partir de | Tipo de ítem Koha | Número de copia |
|---|---|---|---|---|---|---|---|---|---|---|---|---|---|---|---|---|
| Excluido de préstamo | Monografías: Libros y Folletos | General | General | Depósito | 23.10.2009 | LF1 | 658.5421 R934c | 11679-10 | 25.06.2020 | 25.06.2020 | No se presta | |||||
| Extraviado | Excluido de préstamo | Monografías: Libros y Folletos | General | General | Extraviado | 02.06.2017 | LF1 | 658.5421 R934c | 11679-20 | 25.06.2020 | 25.06.2020 | No se presta | e. 2 |
